| 000 | 00487nam a22001577a 4500 | ||
|---|---|---|---|
| 999 |
_c941 _d941 |
||
| 008 | 200101b ||||| |||| 00| 0 eng d | ||
| 082 | 0 | 0 |
_a620.11210218 _bM224 |
| 100 |
_9509 _aMain, Francis W. |
||
| 245 | 1 | 0 |
_aElectronic cables : A practical guide to their properties, construction, installation and maintenance _cby Francis W Main |
| 250 | _a3rd | ||
| 260 |
_aLondon _bPitman _c1949 |
||
| 300 | _ax ,142p. | ||
| 365 | _d7.01 | ||
| 650 | 0 | _aElectric Cables Thermal properties | |
| 942 | _cBK | ||